000 01056nac a22002651i 4500
003 EG-ScBUE
005 20260405115655.0
008 101128s2005 sy a frb 000 0 ara d
040 _aEG-ScBUE
_bara
_erda
_cEG-ScBUE
_dEG-ScBUE
082 0 4 _a551.51
_bم ش ر
_222
100 1 _aالمشرقي، عيسى مصطفى،
_921316
_eمؤلف.
245 1 2 _aالأوزون الستراتوسفيري :
_bهل نحن على حافة الهاوية ؟ /
_cم. عيسى مصطفى المشرقي.
250 _aالطبعة الأولى.
264 1 _aدمشق :
_bوزارة الثقافة،
_c2005.
300 _a181 صفحة :
_bإيضاحيات ؛
_c24 سم.
336 _2rdacontent
_aنص
_btxt
337 _aبدون وسيط
_2rdamedia
_bn
338 _aمجلد
_bnc
_2rdacarrier
490 0 _aعلوم ؛
_v3
500 _aيشتمل على ملاحق.
504 _aيشتمل على إرجاعات ببليوجرافية.
650 7 _aالأوزون
_921741
_xجوانب بيئية.
_2BUEsh
655 _vReading book
942 _cBB
_k551.5 م ش ر
_2ddc
999 _c6763
_d6763